01137nam a2200277 a 450000100060000000300080000600500170001400800410003102000150007203500190008704000270010604100080013308200290014124500710017025000120024126000760025330000270032950400410035652001440039765000490054165000390059065000390062965000500066870000440071871000970076247063BD-RjUL20211209054244.0160 s1996 ii b 100 0 eng  a8185094977 a(BD-RjUL)47182 aDLCcDLCdBD-RjULbeng aeng00a305.420954223bWOM 199600aWomen in Indian life and society / cedited by Amitabha Mukherjee. a1st ed. aCalcutta : bPunthi Pustak and Institute of Historical Studies, c1996. a[8], 287 p. ; c22 cm. aIncludes bibliographical references. aCollection of papers presented at the Annual Conference of the Institute of Historical Studies held at Erode in Tamil Nadu in January 1983. 0aWomenzIndiaxSocial conditionsvCongresses. 0aWomenzIndiaxHistoryvCongresses. 0aWomen's rightszIndiavCongresses. 0aWomenxPolitical activityzIndiavCongresses.1 aMukhopādhyāẏa, Amitābha,d1931-2 aInstitute of Historical Studies (Kolkata, India).bAnnual Conferenced(1983 :cErode, India)